Οι κωμωδίες του Αριστοφάνη

Αποθηκεύτηκε σε:
Λεπτομέρειες βιβλιογραφικής εγγραφής
Κύριος συγγραφέας: Αριστοφάνης, π. 450-π. 385
Άλλοι συγγραφείς: Σταύρου, Θρασύβουλος, 1886-1979 (Μεταφραστής)
Μορφή: Βιβλίο
Γλώσσα:Greek
Ancient Greek
Δημοσίευση: [Αθήνα] : Εστία, [μεταξύ 1970 και 1990]
Θέματα:
Ετικέτες: Προσθήκη ετικέτας
Δεν υπάρχουν, Καταχωρήστε ετικέτα πρώτοι!

MARC

LEADER 00000cam a2200000 i 4500
001 1/19695
008 120518q19701990gr | ||| |||| ||gre||
035 |l 10112525 
040 |a GR-MyUa  |b gre  |e AACR2 
041 1 |a gre  |h grc 
082 7 |a 882.21   |2 (22) 
100 0 |a Αριστοφάνης,   |d π. 450-π. 385. 
245 1 3 |a Οι κωμωδίες του Αριστοφάνη /   |c μεταφραστής: Θρασύβουλος Σταύρου.  
260 |a [Αθήνα] :   |b Εστία,   |c [μεταξύ 1970 και 1990] 
300 |a 706 σ. ;   |c 22 εκ. 
650 0 |a Greek drama (Comedy) 
700 1 |a Σταύρου, Θρασύβουλος,   |d 1886-1979,  |e trl 
852 |a INST  |b SYROS  |e 20120518  |h 882.21 ΑΡΙ  |p 005500010311  |q 005500010311  |t BK  |y 0 
901 |a BIBL5-2012-1 
970 |a Κοντού  |b Παρασκευή  |z 18/05/2012